000 02423nam0a2200481 4500
001 RU\NLR\bibl\1522545
005 20260405104214.0
010 _a978-5-901253-24-3
_97200
021 _aRU
_b2010-35542
_92379
021 _aRU
_b2010-35543
_92379
035 _a(nilc)RSL-KNO-004645242
035 _aRSL-KNO-004645229
035 _a(NLR Aleph) 001513902
090 _a97881
_c97881
100 _a20100519d2010 |||y0rusy50 ca
101 0 _arus
102 _aRU
105 _aac zzzz|||||
200 1 _aПесни войны и победы
_f[сост. Виктор Андриянов, Александр Кузнецов]
205 _a[2-е изд., доп.]
210 _aМосква
_cТрибуна
_d2010
215 _a263 с., [8] л. ил., портр.
_d25
300 _aПосвящается 65-летию Победы Советского Союза в Великой Отечественной войне
606 1 _aВеликая Отечественная война
_xХудожественная литература
_z1941 - 1945
_91236970
_3RU\NLR\auth\66187400
606 1 _aПесни русские советские
_xТематика
_92178472
_3RU\NLR\auth\661310187
610 0 _aФилологические науки. Художественная литература -- Российская Федерация -- с 1917 г. -- Произведения художественной литературы -- Поэзия -- Лирическая поэзия
610 0 _aФилологические науки. Художественная литература -- Российская Федерация -- с 1917 г. -- Произведения художественной литературы -- Отдельные темы в литературе
686 _aШ5(2=Р)7-653
_2rubbk
686 _aШ5(2=Р)7-694Великая Отечественная война
_2rubbk
686 _aШ6(2=Р)7-5
686 _aШ6(2=Р)7-94
686 _aШ6(2=Р)73-5
686 _aЩ319.41(2)авт.
702 1 _4220
_8rus
_7ca
_aАндриянов
_bВ.И.
_gВиктор Иванович
_f1936-2009
_3RU\NLR\auth\7739733
_922715
801 0 _aRU
_bРГБ
_c20100519
_grcr
801 1 _aRU
_bРГБ
_c20100519
801 2 _aRU
_bNLR
_c20100610
_grcr
942 _cBOOK
980 _aNB